[Event "35th Capablanca Memorial"]
[Site "Varadero CUB"]
[Date "2000.05.07"]
[Round "1"]
[White "Arencibia Rodriguez, Walter"]
[Black "Acs, Peter"]
[Result "1-0"]
[WhiteElo "2529"]
[BlackElo "2542"]
[EventDate "2000.05.07"]
[PlyCount "111"]

1.d4 Nf6 2.Nf3 d5 3.c4 e6 4.Nc3 c6 5.Bg5 Nbd7 6.e3 Qa5 7.Nd2 Bb4 8.Qc2 O-O
9.Be2 e5 10.O-O exd4 11.Nb3 Qc7 12.Nxd4 Bxc3 13.bxc3 dxc4 14.Bxc4 Qe5 15.
Nf3 Qc5 16.Qd3 Re8 17.Qd4 Ne4 18.Bf4 Nb6 19.Bd3 Qxd4 20.cxd4 f6 21.h3 Nd5 
22.Bh2 Nb4 23.Bxe4 Rxe4 24.Rfc1 Re8 25.a3 Nd5 26.Rab1 Re7 27.Nd2 Bf5 28.e4
Bxe4 29.Nxe4 Rxe4 30.Rxb7 Rxd4 31.Bb8 Nb6 32.Bxa7 Rd7 33.Rb8+ Kf7 34.Rxa8 
Nxa8 35.Be3 Rd3 36.a4 Ra3 37.Rxc6 Rxa4 38.Rc8 f5 39.g3 h5 40.h4 Ra6 41.Kg2
g6 42.Kf3 Ke7 43.Kf4 Nb6 44.Bc5+ Kf7 45.Rc7+ Ke8 46.Re7+ Kd8 47.Re6 Nd5+ 
48.Ke5 Rxe6+ 49.Kxe6 Nc3 50.Kf7 f4 51.gxf4 Nd5 52.Bd6 Kd7 53.Be5 Ne7 54.
Bf6 Nf5 55.Kxg6 Ke6 56.Bg5 1-0

[Event "35th Capablanca Memorial"]
[Site "Varadero CUB"]
[Date "2000.05.07"]
[Round "1"]
[White "Kobalia, Mikhail"]
[Black "Volzhin, Alexander"]
[Result "1/2-1/2"]
[WhiteElo "2593"]
[BlackElo "2548"]
[EventDate "2000.05.07"]
[PlyCount "55"]

1.e4 e5 2.Nf3 Nf6 3.Nxe5 d6 4.Nf3 Nxe4 5.d4 d5 6.Bd3 Bd6 7.O-O O-O 8.c4 c6
9.Re1 Bf5 10.Nc3 Nxc3 11.bxc3 Bxd3 12.Qxd3 dxc4 13.Qxc4 Nd7 14.Bg5 Qc7 15.
Be7 Nb6 16.Qe2 Bxe7 17.Qxe7 Qxe7 18.Rxe7 Rab8 19.Rb1 Rfe8 20.Rc7 f6 21.Kf1
Kf8 22.Nh4 Nc4 23.Nf3 Nd6 24.c4 Nxc4 25.Rbxb7 Rxb7 26.Rxb7 Re7 27.Rb8+ Re8
28.Rb7 1/2-1/2

[Event "35th Capablanca Memorial"]
[Site "Varadero CUB"]
[Date "2000.05.08"]
[Round "2"]
[White "Nogueiras Santiago, Jesus"]
[Black "Dominguez Perez, Leinier"]
[Result "1/2-1/2"]
[WhiteElo "2563"]
[BlackElo "2508"]
[EventDate "2000.05.07"]
[PlyCount "70"]

1.Nf3 Nf6 2.g3 d5 3.Bg2 c6 4.O-O Bg4 5.d3 Nbd7 6.c4 e6 7.Nc3 Be7 8.cxd5 
exd5 9.h3 Bxf3 10.Bxf3 O-O 11.Bg2 Re8 12.a3 a5 13.Rb1 Bd6 14.Qc2 Nc5 15.e3
Ne6 16.Ne2 a4 17.Bd2 Nc5 18.Nd4 Nfd7 19.Bc3 Be5 20.Rbd1 Ne6 21.Nxe6 Rxe6 
22.e4 Bxc3 23.exd5 cxd5 24.Qxc3 Nf6 25.Rfe1 Rc6 26.Qd4 Qb6 27.Qxb6 Rxb6 
28.Rd2 Ra5 29.Rc2 g6 30.Rc7 Rxb2 31.Ree7 b5 32.Rxf7 b4 33.Rxf6 bxa3 34.Re6
Kf8 35.Ree7 a2 1/2-1/2

[Event "35th Capablanca Memorial"]
[Site "Varadero CUB"]
[Date "2000.05.08"]
[Round "2"]
[White "Stefansson, Hannes Hlifar"]
[Black "Slobodjan, Roman"]
[Result "0-1"]
[WhiteElo "2566"]
[BlackElo "2561"]
[EventDate "2000.05.07"]
[PlyCount "137"]

1.e4 e5 2.Nf3 Nc6 3.Bb5 a6 4.Ba4 Nf6 5.O-O Be7 6.Re1 b5 7.Bb3 O-O 8.d4 d6 
9.c3 Bg4 10.d5 Na5 11.Bc2 c6 12.h3 Bc8 13.dxc6 Nxc6 14.Nbd2 h6 15.Nf1 Be6 
16.Ne3 Na5 17.Nh4 Re8 18.Nhf5 Bf8 19.a4 Nc4 20.Qf3 Rb8 21.axb5 axb5 22.Rd1
Rb6 23.Ng4 Nxg4 24.hxg4 Rb7 25.Qg3 f6 26.b3 Na5 27.Rb1 Qc7 28.Bd2 Ra8 29.
Ne3 Nc6 30.b4 Ne7 31.Qf3 Ra2 32.Qe2 Qc6 33.Ra1 Rba7 34.Rxa2 Rxa2 35.Bd3 
Kh8 36.f3 Bd7 37.c4 bxc4 38.Bxc4 Ra3 39.Kh2 Qc7 40.Rc1 Qb7 41.Bc3 Ra8 42.
Qd3 Qb8 43.b5 Ra7 44.Rb1 Rb7 45.Nd5 Ng6 46.b6 Bc6 47.Ba6 Bxd5 48.Qxd5 Rxb6
49.Rxb6 Qxb6 50.Bc4 Ne7 51.Qa8 Ng6 52.Bf7 Kh7 53.Qe8 Nh8 54.Be6 d5 55.g5 
fxg5 56.Bxe5 Qb4 57.Bf5+ Kg8 58.Be6+ Kh7 59.exd5 Ng6 60.Bg3 Nf4 61.Qf7 Qe7
62.Qf5+ g6 63.Qe4 Qf6 64.Qc4 Bd6 65.Qc6 Qe7 66.Qc8 h5 67.Kh1 Qg7 68.Qa6 
Qb2 69.Qf1 0-1

[Event "35th Capablanca Memorial"]
[Site "Varadero CUB"]
[Date "2000.05.08"]
[Round "2"]
[White "Vera Gonzalez, Reynaldo"]
[Black "Arencibia Rodriguez, Walter"]
[Result "1/2-1/2"]
[WhiteElo "2546"]
[BlackElo "2529"]
[EventDate "2000.05.07"]
[PlyCount "23"]

1.d4 d5 2.Nf3 c6 3.g3 Bf5 4.Bg2 e6 5.O-O Nd7 6.Nbd2 Be7 7.c4 Ngf6 8.Re1 
Ne4 9.Nxe4 Bxe4 10.Qb3 Qb6 11.Be3 O-O 12.Nd2 1/2-1/2

[Event "35th Capablanca Memorial"]
[Site "Varadero CUB"]
[Date "2000.05.09"]
[Round "3"]
[White "Acs, Peter"]
[Black "Vera Gonzalez, Reynaldo"]
[Result "1-0"]
[WhiteElo "2542"]
[BlackElo "2546"]
[EventDate "2000.05.07"]
[PlyCount "71"]

1.e4 c5 2.Nf3 d6 3.d4 cxd4 4.Nxd4 Nf6 5.Nc3 a6 6.Be3 e6 7.f3 b5 8.Qd2 Bb7 
9.g4 Qa5 10.Nb3 Qc7 11.O-O-O Nc6 12.Kb1 Ne5 13.Be2 h6 14.h4 Rb8 15.g5 hxg5
16.hxg5 Rxh1 17.Rxh1 Nfd7 18.Rh8 Ng6 19.Rh7 b4 20.Nd1 d5 21.exd5 Bxd5 22.
f4 Bxb3 23.axb3 Rd8 24.Bd3 Nc5 25.Bxc5 Qxc5 26.Nf2 Rd4 27.Ne4 Qd5 28.Qe3 
Kd8 29.Rh3 Kc7 30.c3 Rxd3 31.Qxd3 Qxd3+ 32.Rxd3 Nxf4 33.Rd4 a5 34.Rc4+ Kd7
35.Nc5+ Bxc5 36.Rxc5 1-0

[Event "35th Capablanca Memorial"]
[Site "Varadero CUB"]
[Date "2000.05.09"]
[Round "3"]
[White "Arencibia Rodriguez, Walter"]
[Black "Volzhin, Alexander"]
[Result "1/2-1/2"]
[WhiteElo "2529"]
[BlackElo "2548"]
[EventDate "2000.05.07"]
[PlyCount "67"]

1.Nf3 Nf6 2.g3 d5 3.Bg2 c5 4.O-O Nc6 5.d3 e5 6.Na3 Be7 7.e4 O-O 8.exd5 
Nxd5 9.Re1 f6 10.c3 Nb6 11.d4 cxd4 12.cxd4 Bxa3 13.Qb3+ Kh8 14.Qxa3 exd4 
15.Bf4 Bg4 16.h3 Bxf3 17.Bxf3 Qd7 18.Bg4 f5 19.Bf3 Rfe8 20.Rad1 Rad8 21.
Rxe8+ Rxe8 22.Qc5 h6 23.Bxc6 bxc6 24.Rxd4 Nd5 25.Qd6 Re1+ 26.Kg2 Qe8 27.
Qb8 Nxf4+ 28.Qxf4 Re4 29.Rxe4 fxe4 30.Qe3 Qe7 31.h4 c5 32.Qc3 Qd6 33.Qc4 
Qe5 34.b3 1/2-1/2

[Event "35th Capablanca Memorial"]
[Site "Varadero CUB"]
[Date "2000.05.10"]
[Round "4"]
[White "Conquest, Stuart"]
[Black "Arencibia Rodriguez, Walter"]
[Result "0-1"]
[WhiteElo "2563"]
[BlackElo "2529"]
[EventDate "2000.05.07"]
[PlyCount "118"]

1.e4 c5 2.Nf3 d6 3.d4 cxd4 4.Nxd4 Nf6 5.Nc3 a6 6.a4 e6 7.Be3 b6 8.Bd3 Bb7 
9.O-O Nbd7 10.f4 Be7 11.Qf3 Rc8 12.Rae1 O-O 13.Qh3 Nc5 14.Bf2 Re8 15.Nf3 
Nfd7 16.Kh1 Nxd3 17.cxd3 Nc5 18.Nd4 Qd7 19.Re3 Bf6 20.Rg3 Kh8 21.Bg1 Rc7 
22.Qh5 g6 23.Qd1 Qd8 24.Nf3 Bg7 25.Ng5 Kg8 26.d4 Nd7 27.f5 exf5 28.exf5 
Nf6 29.fxg6 hxg6 30.Qb3 Rce7 31.h3 Nh5 32.Rg4 d5 33.Nf3 Nf6 34.Rg5 Ne4 35.
Nxe4 Rxe4 36.Rg3 Qc7 37.Ng5 Re1 38.Rgf3 f6 39.Rxf6 Bxf6 40.Rxf6 Rxg1+ 41.
Kxg1 Qc1+ 42.Kh2 Qxg5 43.Qxb6 Kg7 44.Rf3 Bc8 45.Qc6 Qd8 46.b4 Bf5 47.b5 
axb5 48.axb5 Re6 49.Qc5 Be4 50.Rc3 Kh6 51.Ra3 Qb8+ 52.Kg1 Qf4 53.Qc8 Rf6 
54.Ra2 Rf8 55.Qc3 Qf1+ 56.Kh2 Qxb5 57.Qc1+ g5 58.h4 Qb8+ 59.g3 Rf5 0-1

[Event "35th Capablanca Memorial"]
[Site "Varadero CUB"]
[Date "2000.05.10"]
[Round "4"]
[White "Volzhin, Alexander"]
[Black "Acs, Peter"]
[Result "1-0"]
[WhiteElo "2545"]
[BlackElo "2540"]
[EventDate "2000.05.07"]
[PlyCount "101"]

1.d4 Nf6 2.c4 e6 3.Nf3 d5 4.e3 Be7 5.Nbd2 O-O 6.Bd3 c5 7.dxc5 Na6 8.O-O 
Nxc5 9.Be2 b6 10.b3 Bb7 11.Bb2 dxc4 12.Nxc4 Qc7 13.Be5 Qc6 14.Rc1 Rfd8 15.
Qc2 Qe4 16.Qxe4 Bxe4 17.Rfd1 Nd3 18.Bxd3 Bxd3 19.Nd4 Bxc4 20.Rxc4 Rd5 21.
Rdc1 h6 22.Nf3 Rad8 23.Kf1 Rc5 24.Bd4 Rxc4 25.Rxc4 Bd6 26.Bxf6 gxf6 27.Ke2
f5 28.Rd4 Kf8 29.Ne5 Ke8 30.Nc6 Rd7 31.Nxa7 Rxa7 32.Rxd6 Rxa2+ 33.Kf3 Ra6 
34.b4 Ke7 35.Rc6 Kd7 36.b5 Ra2 37.Rxb6 Ke7 38.h3 h5 39.Rb8 h4 40.b6 Rb2 
41.g3 hxg3 42.Kxg3 Kf6 43.h4 e5 44.b7 Kg7 45.h5 f6 46.h6+ Kh7 47.f3 Rb3 
48.Kf2 Rb2+ 49.Ke1 f4 50.exf4 exf4 51.Kd1 {And White î€¤ will take î€©î€©f
with a victory} 1-0

[Event "35th Capablanca Memorial"]
[Site "Varadero CUB"]
[Date "2000.05.12"]
[Round "5"]
[White "Acs, Peter"]
[Black "Conquest, Stuart"]
[Result "1/2-1/2"]
[WhiteElo "2542"]
[BlackElo "2563"]
[EventDate "2000.05.07"]
[PlyCount "35"]

1.e4 g6 2.d4 c6 3.Nc3 d5 4.h3 Bg7 5.Nf3 dxe4 6.Nxe4 Nd7 7.Bd3 Ngf6 8.O-O 
Nxe4 9.Bxe4 Qc7 10.Bg5 O-O 11.c3 e5 12.dxe5 Nxe5 13.Re1 Nxf3+ 14.Bxf3 h6 
15.Bh4 Be6 16.Qc2 Rfe8 17.Bg3 Qb6 18.Bg4 1/2-1/2

[Event "35th Capablanca Memorial"]
[Site "Varadero CUB"]
[Date "2000.05.12"]
[Round "5"]
[White "Oral, Tomas"]
[Black "Nogueiras Santiago, Jesus"]
[Result "1/2-1/2"]
[WhiteElo "2540"]
[BlackElo "2563"]
[EventDate "2000.05.07"]
[PlyCount "36"]

1.e4 e6 2.d4 d5 3.Nd2 c5 4.exd5 exd5 5.Ngf3 Nf6 6.Bb5+ Bd7 7.Bxd7+ Nbxd7 
8.O-O Be7 9.dxc5 Nxc5 10.Nb3 Nce4 11.Nfd4 Qd7 12.Qf3 O-O 13.Nf5 Bd8 14.Be3
Rc8 15.c3 Re8 16.Rfd1 a5 17.Nd2 Qe6 18.Nd4 Qe7 1/2-1/2

[Event "35th Capablanca Memorial"]
[Site "Varadero CUB"]
[Date "2000.05.12"]
[Round "5"]
[White "Vera Gonzalez, Reynaldo"]
[Black "Volzhin, Alexander"]
[Result "1/2-1/2"]
[WhiteElo "2546"]
[BlackElo "2548"]
[EventDate "2000.05.07"]
[PlyCount "24"]

1.e4 e5 2.Nf3 Nf6 3.Nxe5 d6 4.Nf3 Nxe4 5.Qe2 Qe7 6.d3 Nf6 7.Bg5 Qxe2+ 8.
Bxe2 Be7 9.Nc3 c6 10.O-O Na6 11.Ne4 Nxe4 12.dxe4 Nc5 1/2-1/2

[Event "35th Capablanca Memorial"]
[Site "Varadero CUB"]
[Date "2000.05.13"]
[Round "6"]
[White "Conquest, Stuart"]
[Black "Vera Gonzalez, Reynaldo"]
[Result "1-0"]
[WhiteElo "2563"]
[BlackElo "2546"]
[EventDate "2000.05.07"]
[PlyCount "77"]

1.e4 c5 2.b3 d6 3.Bb2 e6 4.Nc3 Nf6 5.f4 Nc6 6.Nf3 a6 7.Bd3 d5 8.e5 Nd7 9.
a4 Be7 10.O-O O-O 11.Kh1 f6 12.exf6 Nxf6 13.Ne2 Bd6 14.Ng5 h6 15.Nf3 Qc7 
16.Qe1 Bd7 17.Qg3 Nb4 18.Bg6 Be8 19.Ne5 Rd8 20.Qh3 Qc8 21.Ng3 d4 22.c3 
dxc3 23.dxc3 Bxe5 24.fxe5 Bxg6 25.exf6 Nd3 26.Ba3 Rd5 27.c4 Re5 28.Qh4 Kh7
29.Bc1 Qd8 30.Bf4 Nxf4 31.Rxf4 Rxf6 32.Raf1 Re3 33.h3 Rxb3 34.Rxf6 gxf6 
35.Rxf6 Qd1+ 36.Rf1 Qd7 37.Ne4 Qd4 38.Qe7+ Qg7 39.Nf6+ 1-0

[Event "35th Capablanca Memorial"]
[Site "Varadero CUB"]
[Date "2000.05.13"]
[Round "6"]
[White "Nogueiras Santiago, Jesus"]
[Black "Arencibia Rodriguez, Walter"]
[Result "1/2-1/2"]
[WhiteElo "2563"]
[BlackElo "2529"]
[EventDate "2000.05.07"]
[PlyCount "27"]

1.d4 Nf6 2.c4 e6 3.Nf3 Bb4+ 4.Bd2 Qe7 5.g3 O-O 6.Bg2 Nc6 7.O-O Bxd2 8.
Nbxd2 d6 9.e4 e5 10.d5 Nb8 11.Ne1 a5 12.Nd3 Na6 13.f3 Bd7 14.Qc2 1/2-1/2

[Event "35th Capablanca Memorial"]
[Site "Varadero CUB"]
[Date "2000.05.13"]
[Round "6"]
[White "Stefansson, Hannes Hlifar"]
[Black "Oral, Tomas"]
[Result "1/2-1/2"]
[WhiteElo "2566"]
[BlackElo "2540"]
[EventDate "2000.05.07"]
[PlyCount "97"]

1.e4 c5 2.Nf3 Nc6 3.d4 cxd4 4.Nxd4 Qc7 5.Nc3 e6 6.Be2 a6 7.O-O Nf6 8.Be3 
Bb4 9.Na4 Be7 10.Nxc6 bxc6 11.Bd3 c5 12.c4 Bb7 13.Nc3 O-O 14.f4 d6 15.Qf3 
Rad8 16.Qh3 Rfe8 17.Bc2 Nd7 18.e5 Nf8 19.exd6 Bxd6 20.Ne4 Bxe4 21.Bxe4 Ng6
22.g3 Be7 23.Qg2 Bf6 24.Rad1 Bd4 25.Bxd4 Rxd4 26.Rxd4 cxd4 27.b3 Ne7 28.
Qc2 f5 29.Bg2 Rd8 30.Rd1 Qc5 31.Qf2 Kf7 32.h3 h5 33.Bf3 g6 34.Kg2 Ng8 35.
Qe2 Nf6 36.Re1 Rd6 37.Rd1 Nd7 38.Qf2 Nf6 39.Qe2 Nd7 40.Qf2 a5 41.Rd2 Qb6 
42.Qe1 d3 43.Rd1 Qb4 44.Qe3 Qc3 45.Kf2 a4 46.Qd2 Qd4+ 47.Qe3 Qc3 48.Qd2 
Qd4+ 49.Qe3 1/2-1/2

[Event "35th Capablanca Memorial"]
[Site "Varadero CUB"]
[Date "2000.05.14"]
[Round "7"]
[White "Acs, Peter"]
[Black "Nogueiras Santiago, Jesus"]
[Result "1/2-1/2"]
[WhiteElo "2542"]
[BlackElo "2563"]
[EventDate "2000.05.07"]
[PlyCount "22"]

1.e4 e6 2.d4 d5 3.Nc3 Nf6 4.Bg5 dxe4 5.Nxe4 Be7 6.Bxf6 Bxf6 7.Nf3 O-O 8.c3
Nd7 9.Qc2 e5 10.O-O-O exd4 11.Nxf6+ Qxf6 1/2-1/2

[Event "35th Capablanca Memorial"]
[Site "Varadero CUB"]
[Date "2000.05.14"]
[Round "7"]
[White "Arencibia Rodriguez, Walter"]
[Black "Stefansson, Hannes Hlifar"]
[Result "0-1"]
[WhiteElo "2529"]
[BlackElo "2566"]
[EventDate "2000.05.07"]
[PlyCount "78"]

1.d4 Nf6 2.Nf3 e6 3.e3 b6 4.Nbd2 Bb7 5.c3 d5 6.Ne5 Bd6 7.f4 O-O 8.Bd3 Ne4 
9.Qf3 f5 10.Qh3 Bxe5 11.fxe5 Ba6 12.Bxa6 Ng5 13.Qh5 Nxa6 14.b3 c5 15.Qe2 
Nb8 16.O-O Qd7 17.Ba3 Rc8 18.Rac1 Nc6 19.g4 Ne7 20.Qg2 Nf7 21.c4 fxg4 22.
Qxg4 Nh6 23.Qg5 Nhf5 24.cxd5 Nxd5 25.dxc5 Ndxe3 26.Rf2 Qd3 27.Nc4 Nxc4 28.
Rxc4 bxc5 29.Qd2 Qh3 30.Bxc5 a5 31.Qd7 Re8 32.Bb6 h6 33.Bxa5 Ne3 34.Rcf4 
Qh5 35.Bd2 Qg6+ 36.Kh1 Qb1+ 37.Rf1 Nxf1 38.Qf7+ Kh7 39.Rxf1 Qe4+ 0-1

[Event "35th Capablanca Memorial"]
[Site "Varadero CUB"]
[Date "2000.05.14"]
[Round "7"]
[White "Kobalia, Mikhail"]
[Black "Dominguez Perez, Leinier"]
[Result "1-0"]
[WhiteElo "2593"]
[BlackElo "2508"]
[EventDate "2000.05.07"]
[PlyCount "80"]

1.e4 c5 2.Nf3 d6 3.d4 cxd4 4.Nxd4 Nf6 5.Nc3 a6 6.Be3 Ng4 7.Bg5 h6 8.Bh4 g5
9.Bg3 Bg7 10.h3 Ne5 11.f3 Nbc6 12.Bf2 b5 13.Qd2 Rb8 14.h4 b4 15.Nd1 Nxd4 
16.Bxd4 d5 17.c3 dxe4 18.fxe4 bxc3 19.bxc3 gxh4 20.Rxh4 h5 21.Qg5 Bf6 22.
Rxh5 Rxh5 23.Qxh5 Qa5 24.Be2 Nd3+ 25.Kd2 Ne5 26.Qh7 e6 27.Bh5 Rb7 28.Qg8+ 
Ke7 29.Qxc8 Rc7 30.Qg8 Nc4+ 31.Kd3 Bxd4 32.Qxf7+ Kd6 33.Qf8+ Re7 34.Qb8+ 
Rc7 35.Qd8+ Kc6 36.Be8+ Kb7 37.Qxd4 Ne5+ 38.Ke2 Rg7 39.Rb1+ Ka8 40.Kf1 Rg3
1-0

[Event "35th Capablanca Memorial"]
[Site "Varadero CUB"]
[Date "2000.05.14"]
[Round "7"]
[White "Oral, Tomas"]
[Black "Slobodjan, Roman"]
[Result "1-0"]
[WhiteElo "2540"]
[BlackElo "2561"]
[EventDate "2000.05.07"]
[PlyCount "91"]

1.e4 e5 2.Nf3 Nc6 3.Bb5 a6 4.Bxc6 dxc6 5.O-O f6 6.d4 exd4 7.Nxd4 c5 8.Ne2 
Qxd1 9.Rxd1 Bd7 10.Be3 O-O-O 11.Nbc3 Re8 12.Rd2 Bc6 13.Rad1 b6 14.Nf4 Nh6 
15.Nfd5 Ng4 16.Bf4 Ne5 17.b3 Kb7 18.Ne3 Bd6 19.Ncd5 Bxd5 20.Rxd5 Nf7 21.
Bxd6 Nxd6 22.f3 Kc6 23.Kf2 Re6 24.g4 h6 25.h4 b5 26.h5 Rb8 27.Kg3 a5 28.
Kf4 Re7 29.Nf5 Rd7 30.e5 fxe5+ 31.Rxe5 a4 32.Rdd5 c4 33.Rc5+ Kb6 34.Nxd6 
cxd6 35.Rxb5+ Kc7 36.Rf5 axb3 37.axb3 cxb3 38.cxb3 Re8 39.Ra5 Kb6 40.b4 
Rc8 41.Rab5+ Ka6 42.Kg3 Rc4 43.Ra5+ Kb7 44.Rfb5+ Kc6 45.Rb8 Rd4 46.b5+ {
Eine sehr lehrreiche Partie für die Leser, die gern die Abtauschvariante 
der Spanische Partie lernen m@nen chten.} 1-0

[Event "35th Capablanca Memorial"]
[Site "Varadero CUB"]
[Date "2000.05.14"]
[Round "7"]
[White "Volzhin, Alexander"]
[Black "Conquest, Stuart"]
[Result "1/2-1/2"]
[WhiteElo "2548"]
[BlackElo "2563"]
[EventDate "2000.05.07"]
[PlyCount "37"]

1.d4 f5 2.g3 Nf6 3.Bg2 g6 4.Nf3 Bg7 5.O-O O-O 6.b3 Kh8 7.Bb2 d5 8.c4 Be6 
9.Nbd2 c6 10.Ne5 Nbd7 11.Nd3 a5 12.e3 Bg8 13.a4 Ne4 14.cxd5 cxd5 15.f3 Nd6
16.Qe2 Re8 17.Rfc1 Qb6 18.Ne5 Be6 19.Rc2 1/2-1/2

[Event "35th Capablanca Memorial"]
[Site "Varadero CUB"]
[Date "2000.05.16"]
[Round "8"]
[White "Dominguez Perez, Leinier"]
[Black "Oral, Tomas"]
[Result "1/2-1/2"]
[WhiteElo "2508"]
[BlackElo "2540"]
[EventDate "2000.05.07"]
[PlyCount "191"]

1.e4 c5 2.Nf3 Nc6 3.d4 cxd4 4.Nxd4 Qc7 5.Nc3 e6 6.f4 Nxd4 7.Qxd4 a6 8.Be2 
b5 9.Be3 Bb7 10.O-O-O Rc8 11.Rd2 Nf6 12.Bf3 Be7 13.g4 d5 14.exd5 b4 15.Na4
Bxd5 16.Bxd5 Nxd5 17.Nb6 Nxb6 18.Qxb6 Qc4 19.Qd4 O-O 20.Qxc4 Rxc4 21.Rd7 
Bc5 22.Bxc5 Rxc5 23.Rhd1 h5 24.h3 Rfc8 25.Rd8+ Rxd8 26.Rxd8+ Kh7 27.Rd4 a5
28.Kd2 hxg4 29.hxg4 g5 30.c3 bxc3+ 31.bxc3 Kg6 32.c4 gxf4 33.Rxf4 e5 34.
Re4 Kg5 35.Ke3 f6 36.Kf3 Kh4 37.Kg2 Rc8 38.Kf3 Rc6 39.Kf2 Rc7 40.Kf3 Rc5 
41.Kf2 Kg5 42.Kf3 Rc7 43.Ke3 Rc8 44.Kf3 Rh8 45.Re2 Rh3+ 46.Ke4 Rc3 47.Kd5 
Kxg4 48.c5 Rc1 49.Re4+ Kf5 50.Re2 Kg4 51.Re4+ Kf5 52.Re2 Rd1+ 53.Kc6 e4 
54.Rc2 e3 55.Kb6 Rd2 56.Rc1 e2 57.c6 Rd1 58.Rc5+ Kg6 59.c7 Rd6+ 60.Kb7 
e1=Q 61.c8=Q Qb4+ 62.Ka8 Qe4+ 63.Ka7 Qe7+ 64.Rc7 Qe3+ 65.Rc5 Qe7+ 66.Rc7 
Qe6 67.Qb7 Qe3+ 68.Ka8 Rd8+ 69.Rc8 Rxc8+ 70.Qxc8 Qf3+ 71.Ka7 Qf2+ 72.Ka6 
Qxa2 73.Qg4+ Kh6 74.Qh3+ Kg7 75.Qd7+ Qf7 76.Qg4+ Qg6 77.Qd7+ Kh6 78.Kxa5 
Qe4 79.Qh3+ Kg5 80.Qg3+ Kf5 81.Qh3+ Kg5 82.Qg3+ Qg4 83.Qe3+ Kg6 84.Qe8+ 
Kg5 85.Qe3+ Qf4 86.Qg1+ Kh6 87.Qh1+ Kg6 88.Qh8 f5 89.Qg8+ Kh5 90.Qe8+ Kh4 
91.Ka6 Qc4+ 92.Ka7 Qd4+ 93.Kb8 f4 94.Qe1+ Kh3 95.Qe6+ Kg3 96.Qe1+ {Und 
Remis .Aber warum? Schwarz steht auf Gewinn. Der f-Bauer wird früher oder 
später zur Dame, und ein ewiges Schach gibt es nur in den Träumen von Wei@men
.} 1/2-1/2

[Event "35th Capablanca Memorial"]
[Site "Varadero CUB"]
[Date "2000.05.16"]
[Round "8"]
[White "Slobodjan, Roman"]
[Black "Arencibia Rodriguez, Walter"]
[Result "1/2-1/2"]
[WhiteElo "2561"]
[BlackElo "2529"]
[EventDate "2000.05.07"]
[PlyCount "49"]

1.Nf3 Nf6 2.g3 g6 3.Bg2 Bg7 4.c4 O-O 5.O-O d6 6.Nc3 c6 7.d3 Qa5 8.Qd2 Qh5 
9.Qg5 Qxg5 10.Bxg5 a5 11.Rab1 Nbd7 12.b3 Re8 13.Rfc1 Nc5 14.a3 h6 15.Be3 
e5 16.Nd2 Be6 17.Rc2 Nfd7 18.Nde4 Nxe4 19.Nxe4 Bf8 20.Nc3 f5 21.b4 axb4 
22.axb4 Nf6 23.Bd2 Bf7 24.b5 d5 25.bxc6 1/2-1/2

[Event "35th Capablanca Memorial"]
[Site "Varadero CUB"]
[Date "2000.05.16"]
[Round "8"]
[White "Stefansson, Hannes Hlifar"]
[Black "Acs, Peter"]
[Result "1/2-1/2"]
[WhiteElo "2566"]
[BlackElo "2542"]
[EventDate "2000.05.07"]
[PlyCount "105"]

1.e4 e5 2.Nf3 Nc6 3.Bb5 a6 4.Ba4 Nf6 5.O-O Be7 6.Re1 b5 7.Bb3 d6 8.c3 O-O 
9.h3 Nb8 10.d4 Nbd7 11.Nbd2 Bb7 12.Bc2 Re8 13.a4 c6 14.Nf1 Bf8 15.Ng3 g6 
16.Bg5 Qc7 17.Qd2 Bg7 18.b3 Nf8 19.b4 Ne6 20.Be3 Nd7 21.Bb3 Rac8 22.axb5 
cxb5 23.d5 Nf4 24.Rac1 Nb6 25.Bxf4 exf4 26.Qxf4 Qd8 27.Qd2 Qf6 28.Qd4 Qxd4
29.cxd4 Bh6 30.Rb1 Nc4 31.Nf1 Re7 32.N3h2 Bg7 33.Nf3 Bh6 34.g4 Bf4 35.Ng3 
Bxg3 36.fxg3 Rce8 37.e5 Bxd5 38.exd6 Rxe1+ 39.Rxe1 Rd8 40.Ne5 f6 41.Nxc4 
bxc4 42.Ba2 Rxd6 43.Re8+ Kf7 44.Rc8 Ke6 45.Bxc4 Bxc4 46.Rxc4 Kd5 47.Rc7 
Ke4 48.Kf2 Rxd4 49.Re7+ Kd5 50.Rxh7 Rxb4 51.Rh6 Rb2+ 52.Ke3 Rb3+ 53.Kd2 
1/2-1/2

[Event "35th Capablanca Memorial"]
[Site "Varadero CUB"]
[Date "2000.05.17"]
[Round "9"]
[White "Acs, Peter"]
[Black "Slobodjan, Roman"]
[Result "1/2-1/2"]
[WhiteElo "2542"]
[BlackElo "2561"]
[EventDate "2000.05.07"]
[PlyCount "165"]

1.e4 e5 2.Nf3 Nc6 3.Bb5 a6 4.Ba4 Nf6 5.O-O Bc5 6.c3 b5 7.Bb3 d6 8.a4 Bg4 
9.d3 Na5 10.Bc2 b4 11.Nbd2 O-O 12.h3 Bh5 13.Qe2 Re8 14.Nb3 Nxb3 15.Bxb3 a5
16.Be3 Bxe3 17.Qxe3 Rb8 18.Rab1 c6 19.Nd2 d5 20.f3 Qd6 21.Bc2 Nd7 22.Nb3 
Ra8 23.d4 Bg6 24.dxe5 Nxe5 25.Qc5 Qxc5+ 26.Nxc5 Nc4 27.Rf2 Rab8 28.cxb4 
Rxb4 29.b3 Na3 30.Rd1 Nxc2 31.Rxc2 h5 32.Rc3 dxe4 33.fxe4 h4 34.Rd6 Bxe4 
35.Nxe4 Rexe4 36.Rdxc6 Re1+ 37.Kf2 Rb1 38.Rc8+ Kh7 39.R8c5 Rb2+ 40.Kf3 
R2xb3 41.Rxb3 Rxb3+ 42.Kf2 Kg6 43.Rxa5 Ra3 44.Ra8 f5 45.a5 Kg5 46.a6 Kf4 
47.a7 Ra2+ 48.Kf1 Kg3 49.Rf8 Ra1+ 50.Ke2 Rxa7 51.Rxf5 Kxg2 52.Rg5+ Kh2 53.
Kf3 Ra3+ 54.Kg4 Ra4+ 55.Kf3 Ra1 56.Kg4 Ra4+ 57.Kf3 Kxh3 58.Rxg7 Kh2 59.
Rg2+ Kh3 60.Rg8 Ra3+ 61.Kf2 Rg3 62.Rf8 Kh2 63.Rf7 Rg5 64.Rf4 Rh5 65.Rf7 
Rc5 66.Rg7 Rf5+ 67.Ke2 Rf4 68.Rg8 h3 69.Rg7 Ra4 70.Rg8 Ra2+ 71.Kf1 Rg2 72.
Rf8 Kh1 73.Rf7 Rg3 74.Rf8 Rg7 75.Rf6 Ra7 76.Rg6 Ra1+ 77.Kf2 Kh2 78.Rg8 
Ra2+ 79.Kf1 Rg2 80.Rf8 Rg4 81.Kf2 Ra4 82.Rg8 Ra1 83.Rg7 1/2-1/2

[Event "35th Capablanca Memorial"]
[Site "Varadero CUB"]
[Date "2000.05.17"]
[Round "9"]
[White "Vera Gonzalez, Reynaldo"]
[Black "Stefansson, Hannes Hlifar"]
[Result "1-0"]
[WhiteElo "2546"]
[BlackElo "2566"]
[EventDate "2000.05.07"]
[PlyCount "131"]

1.d4 Nf6 2.c4 e6 3.Nc3 Bb4 4.Qc2 d5 5.cxd5 Qxd5 6.Nf3 Qf5 7.Qxf5 exf5 8.a3
Bd6 9.Nb5 Be6 10.g3 Nc6 11.Bg2 O-O-O 12.Bg5 Be7 13.e3 h6 14.Bxf6 Bxf6 15.
Rc1 a6 16.Nc3 Na5 17.Na4 Kb8 18.Nd2 b6 19.b4 Nb7 20.O-O Bd5 21.Rc2 Bxg2 
22.Kxg2 Rd7 23.Rb1 Be7 24.Nc4 f6 25.Nc5 bxc5 26.bxc5 c6 27.Na5 Kc8 28.Nxc6
Nd8 29.Na5 Rc7 30.c6 Bxa3 31.Nc4 Be7 32.Nb6+ Kb8 33.Nd5+ Kc8 34.Nb6+ Kb8 
35.Nd5+ Kc8 36.Nxc7 Kxc7 37.Ra1 Nf7 38.Rxa6 Rc8 39.Ra7+ Kd8 40.Rb2 Nd6 41.
Rb8 Ke8 42.Raa8 Kd8 43.Ra7 Ke8 44.Rxc8+ Nxc8 45.Rb7 Kd8 46.Rd7+ Ke8 47.Rb7
Kd8 48.f3 g6 49.Kf2 h5 50.Ke2 Nd6 51.Rd7+ Ke8 52.Kd3 g5 53.Ra7 Kd8 54.Rd7+
Ke8 55.Ra7 Kd8 56.e4 fxe4+ 57.fxe4 Nc8 58.Rd7+ Ke8 59.Rb7 Kd8 60.e5 fxe5 
61.dxe5 h4 62.g4 Bc5 63.Rd7+ Ke8 64.e6 Be7 65.c7 Nb6 66.Rd5 1-0

[Event "35th Capablanca Memorial"]
[Site "Varadero CUB"]
[Date "2000.05.17"]
[Round "9"]
[White "Volzhin, Alexander"]
[Black "Nogueiras Santiago, Jesus"]
[Result "1/2-1/2"]
[WhiteElo "2548"]
[BlackElo "2563"]
[EventDate "2000.05.07"]
[PlyCount "29"]

1.d4 d5 2.Nf3 Nf6 3.c4 c6 4.Nc3 dxc4 5.a4 Bf5 6.Ne5 Na6 7.e3 Nb4 8.Bxc4 e6
9.O-O Be7 10.Qe2 h6 11.e4 Bh7 12.Rd1 O-O 13.Bf4 Qa5 14.Rd2 b5 15.Bb3 
1/2-1/2

[Event "35th Capablanca Memorial"]
[Site "Varadero CUB"]
[Date "2000.05.19"]
[Round "10"]
[White "Dominguez Perez, Leinier"]
[Black "Acs, Peter"]
[Result "1-0"]
[WhiteElo "2508"]
[BlackElo "2542"]
[EventDate "2000.05.07"]
[PlyCount "119"]

1.e4 e5 2.Nf3 Nc6 3.Bb5 a6 4.Ba4 Nf6 5.O-O Be7 6.Re1 b5 7.Bb3 d6 8.c3 O-O 
9.h3 Nb8 10.d4 Nbd7 11.Nbd2 Bb7 12.Bc2 Re8 13.Nf1 Bf8 14.Ng3 g6 15.a4 c5 
16.d5 c4 17.Bg5 h6 18.Be3 Nc5 19.Qc1 Kh7 20.Nh2 Nfd7 21.Rf1 Bg7 22.Qd2 Qe7
23.Ra3 Reb8 24.Rfa1 Nb6 25.axb5 axb5 26.Ng4 Qf8 27.f4 exf4 28.Bxc5 dxc5 
29.Qxf4 b4 30.Rxa8 Rxa8 31.Rxa8 Bxa8 32.Nf6+ Bxf6 33.Qxf6 Nd7 34.Qf4 Qe7 
35.Qc7 b3 36.Bd1 Kg7 37.Nf1 f5 38.exf5 Bxd5 39.Bg4 gxf5 40.Bxf5 Be6 41.Ng3
Kf7 42.Qf4 Qg5 43.Bxe6+ Kxe6 44.Qxc4+ Ke7 45.Nf1 Kd6 46.Qxb3 Ne5 47.Qb8+ 
Kd5 48.Qb7+ Kd6 49.b4 cxb4 50.Qxb4+ Ke6 51.Qb6+ Kd7 52.Ne3 h5 53.Qb7+ Kd8 
54.Qe4 Qg3 55.Nd5 h4 56.c4 Qg5 57.Nf4 Qe7 58.Qd5+ Kc8 59.Ne6 Qa7+ 60.c5 
1-0